Score 0/292 Timer 15:00
0 Plays Today
Chapter Word % Correct
Book 2, Chapter 3:
The Ring Goes South
the
96%

Book 2, Chapter 4:
A Journey in the Dark
the
96%

Book 2, Chapter 4:
A Journey in the Dark
the
96%
Book 2, Chapter 5:
The Bridge of Khazad-dûm
The
96%
Book 2, Chapter 5:
The Bridge of Khazad-dûm
the
96%
Book 2, Chapter 5:
The Bridge of Khazad-dûm
the
96%

Book 2, Chapter 7:
The Mirror of Galadriel
The
96%

Book 2, Chapter 7:
The Mirror of Galadriel
the
96%

Book 2, Chapter 7:
The Mirror of Galadriel
the
96%

Book 2, Chapter 7:
The Mirror of Galadriel
the
96%

Book 2, Chapter 8:
Farewell to Lórien
the
96%

Book 2, Chapter 8:
Farewell to Lórien
the
96%

Book 2, Chapter 8:
Farewell to Lórien
the
96%

Book 2, Chapter 10:
The Breaking of the Fellowship
the
96%

Book 2, Chapter 10:
The Breaking of the Fellowship
the
96%
Book 1, Chapter 2:
The Shadow of the Past
The
96%
Book 1, Chapter 4:
A Short Cut to Musrooms
the
96%
Book 1, Chapter 7:
In the House of Tom Bombadil
the
96%
Book 1, Chapter 7:
In the House of Tom Bombadil
The
96%
Book 1, Chapter 11:
A Knife in the Dark
the
96%
Book 1, Chapter 9:
At the Sign of The Prancing Pony
the
96%
Book 1, Chapter 9:
At the Sign of The Prancing Pony
the
96%
Book 1, Chapter 9:
At the Sign of The Prancing Pony
the
96%
Book 1, Chapter 11:
A Knife in the Dark
the
96%

Book 1, Chapter 10:
Strider
the
96%
Book 1, Chapter 11:
A Knife in the Dark
the
96%
Book 1, Chapter 12:
Flight to the Ford
the
96%
Book 2, Chapter 3:
The Ring Goes South
a
95.5%
Book 1, Chapter 1:
A Long-Expected Party
a
95.5%
Book 1, Chapter 9:
At the Sign of The Prancing Pony
a
95.5%
Book 1, Chapter 11:
A Knife in the Dark
a
95.5%

Book 2, Chapter 6:
Lothlórien
I
95%
Book 1, Chapter 9:
At the Sign of The Prancing Pony
an
89.6%
Book 1, Chapter 1:
A Long-Expected Party
Bilbo
88.6%
Book 2, Chapter 1:
Many Meetings
in
88.1%
Book 2, Chapter 3:
The Ring Goes South
of
88.1%
Book 2, Chapter 3:
The Ring Goes South
in
88.1%
Book 2, Chapter 5:
The Bridge of Khazad-dûm
of
88.1%
Book 2, Chapter 5:
The Bridge of Khazad-dûm
of
88.1%

Book 2, Chapter 7:
The Mirror of Galadriel
in
88.1%

Book 2, Chapter 8:
Farewell to Lórien
of
88.1%

Book 2, Chapter 10:
The Breaking of the Fellowship
of
88.1%
Book 1, Chapter 1:
A Long-Expected Party
of
88.1%
Book 1, Chapter 1:
A Long-Expected Party
of
88.1%
Book 1, Chapter 1:
A Long-Expected Party
in
88.1%
Book 1, Chapter 4:
A Short Cut to Musrooms
In
88.1%
Book 1, Chapter 2:
The Shadow of the Past
in
88.1%
Book 1, Chapter 9:
At the Sign of The Prancing Pony
in
88.1%
Book 1, Chapter 9:
At the Sign of The Prancing Pony
of
88.1%
Book 1, Chapter 11:
A Knife in the Dark
in
88.1%
Book 1, Chapter 11:
A Knife in the Dark
in
88.1%

Book 2, Chapter 6:
Lothlórien
we
86.1%
Book 1, Chapter 5:
A Conspiracy Unmasked
we
86.1%
Book 1, Chapter 1:
A Long-Expected Party
Bag
85.6%
Book 2, Chapter 1:
Many Meetings
Frodo
85.1%
Book 2, Chapter 1:
Many Meetings
and
85.1%
Book 2, Chapter 2:
The Council of Elrond
Frodo
85.1%
Book 2, Chapter 2:
The Council of Elrond
and
85.1%

Book 2, Chapter 4:
A Journey in the Dark
and
85.1%

Book 2, Chapter 7:
The Mirror of Galadriel
and
85.1%

Book 2, Chapter 8:
Farewell to Lórien
and
85.1%

Book 2, Chapter 8:
Farewell to Lórien
and
85.1%


Book 2, Chapter 9:
The Great River
Frodo
85.1%
Book 1, Chapter 1:
A Long-Expected Party
End
85.1%
Book 1, Chapter 1:
A Long-Expected Party
Baggins
85.1%
Book 1, Chapter 7:
In the House of Tom Bombadil
and
85.1%
Book 1, Chapter 1:
A Long-Expected Party
and
85.1%
Book 1, Chapter 4:
A Short Cut to Musrooms
Frodo
85.1%
Book 1, Chapter 3:
Three is Company
and
85.1%

Book 1, Chapter 6:
The Old Forest
Frodo
85.1%

Book 1, Chapter 10:
Strider
Frodo,
85.1%
Book 1, Chapter 11:
A Knife in the Dark
and
85.1%

Book 1, Chapter 10:
Strider
and
85.1%
Book 1, Chapter 12:
Flight to the Ford
Frodo
84.6%

Book 2, Chapter 4:
A Journey in the Dark
was
84.1%

Book 2, Chapter 4:
A Journey in the Dark
was
84.1%

Book 2, Chapter 7:
The Mirror of Galadriel
was
84.1%

Book 2, Chapter 8:
Farewell to Lórien
was
84.1%


Book 2, Chapter 9:
The Great River
was
84.1%
Book 1, Chapter 1:
A Long-Expected Party
was
84.1%
Book 1, Chapter 9:
At the Sign of The Prancing Pony
was
84.1%
Book 1, Chapter 12:
Flight to the Ford
was
84.1%

Book 2, Chapter 8:
Farewell to Lórien
to
83.6%

Book 2, Chapter 10:
The Breaking of the Fellowship
to
83.6%
Book 1, Chapter 3:
Three is Company
to
83.6%
Book 1, Chapter 3:
Three is Company
to
83.6%

Book 1, Chapter 10:
Strider
to
83.6%
Book 1, Chapter 12:
Flight to the Ford
to
83.6%
Book 1, Chapter 1:
A Long-Expected Party
be
83.1%
Book 1, Chapter 1:
A Long-Expected Party
he
82.1%
Book 1, Chapter 12:
Flight to the Ford
he
82.1%


Book 2, Chapter 9:
The Great River
Sam.
80.1%

Book 1, Chapter 10:
Strider
Pippin,
80.1%

Book 1, Chapter 10:
Strider
Sam
80.1%
Book 1, Chapter 3:
Three is Company
Gandalf.
79.6%
Book 1, Chapter 5:
A Conspiracy Unmasked
Merry.
79.1%
Book 1, Chapter 1:
A Long-Expected Party
party
77.6%

Book 1, Chapter 8:
Fog on the Barrow-Downs
no
77.6%
Chapter Word % Correct

Book 2, Chapter 4:
A Journey in the Dark
when
76.1%

Book 2, Chapter 7:
The Mirror of Galadriel
when
76.1%
Book 1, Chapter 1:
A Long-Expected Party
When
76.1%
Book 1, Chapter 12:
Flight to the Ford
When
76.1%

Book 2, Chapter 4:
A Journey in the Dark
It
75.6%

Book 2, Chapter 4:
A Journey in the Dark
for
75.6%
Book 1, Chapter 11:
A Knife in the Dark
for
75.6%

Book 2, Chapter 6:
Lothlórien
Aragorn.
75.1%

Book 2, Chapter 7:
The Mirror of Galadriel
on
75.1%

Book 2, Chapter 10:
The Breaking of the Fellowship
Aragorn
75.1%
Book 1, Chapter 11:
A Knife in the Dark
on
75.1%
Book 2, Chapter 3:
The Ring Goes South
that
74.6%

Book 2, Chapter 8:
Farewell to Lórien
That
74.6%
Book 1, Chapter 1:
A Long-Expected Party
that
74.6%
Book 1, Chapter 3:
Three is Company
go
74.6%
Book 1, Chapter 3:
Three is Company
go
74.6%

Book 1, Chapter 8:
Fog on the Barrow-Downs
That
74.6%
Book 2, Chapter 5:
The Bridge of Khazad-dûm
Ring
74.1%
Book 1, Chapter 12:
Flight to the Ford
Ring
74.1%
Book 1, Chapter 1:
A Long-Expected Party
birthday
73.1%

Book 2, Chapter 8:
Farewell to Lórien
there
72.6%
Book 1, Chapter 1:
A Long-Expected Party
there
72.6%
Book 1, Chapter 1:
A Long-Expected Party
would
70.1%
Book 1, Chapter 1:
A Long-Expected Party
his
70.1%
Book 1, Chapter 1:
A Long-Expected Party
first
69.2%

Book 2, Chapter 8:
Farewell to Lórien
with
68.7%
Book 1, Chapter 1:
A Long-Expected Party
with
68.7%
Book 1, Chapter 2:
The Shadow of the Past
not
68.7%
Book 2, Chapter 2:
The Council of Elrond
day
68.2%
Book 2, Chapter 3:
The Ring Goes South
day
68.2%

Book 2, Chapter 4:
A Journey in the Dark
they
68.2%

Book 2, Chapter 7:
The Mirror of Galadriel
they
68.2%

Book 1, Chapter 8:
Fog on the Barrow-Downs
they
68.2%
Book 1, Chapter 11:
A Knife in the Dark
they
68.2%
Book 1, Chapter 3:
Three is Company
you
67.2%
Book 1, Chapter 3:
Three is Company
''You
67.2%

Book 2, Chapter 4:
A Journey in the Dark
night.
66.7%

Book 2, Chapter 8:
Farewell to Lórien
night
66.7%

Book 1, Chapter 8:
Fog on the Barrow-Downs
night
66.7%
Book 1, Chapter 1:
A Long-Expected Party
eleventy-
66.2%

Book 2, Chapter 6:
Lothlórien
said
65.2%
Book 1, Chapter 3:
Three is Company
said
65.2%
Book 1, Chapter 5:
A Conspiracy Unmasked
said
65.2%
Book 2, Chapter 1:
Many Meetings
woke
64.7%
Book 2, Chapter 2:
The Council of Elrond
woke
64.7%
Book 1, Chapter 1:
A Long-Expected Party
Mr.
64.7%
Book 1, Chapter 4:
A Short Cut to Musrooms
woke
64.7%
Book 1, Chapter 2:
The Shadow of the Past
or
64.7%

Book 1, Chapter 6:
The Old Forest
woke
64.7%
Book 1, Chapter 1:
A Long-Expected Party
Hobbiton.
64.2%
Book 1, Chapter 11:
A Knife in the Dark
at
63.7%
Book 1, Chapter 4:
A Short Cut to Musrooms
morning
62.7%
Book 1, Chapter 2:
The Shadow of the Past
down
62.2%
Book 1, Chapter 9:
At the Sign of The Prancing Pony
Bree
62.2%
Book 1, Chapter 11:
A Knife in the Dark
Bree,
62.2%

Book 2, Chapter 7:
The Mirror of Galadriel
went
61.7%
Book 2, Chapter 3:
The Ring Goes South
hobbits
59.2%
Book 1, Chapter 7:
In the House of Tom Bombadil
hobbits
59.2%
Book 1, Chapter 3:
Three is Company
soon,''
58.7%
Book 1, Chapter 2:
The Shadow of the Past
did
58.2%
Book 1, Chapter 5:
A Conspiracy Unmasked
had
58.2%
Book 2, Chapter 3:
The Ring Goes South
their
57.2%
Book 1, Chapter 1:
A Long-Expected Party
announced
57.2%

Book 1, Chapter 10:
Strider
their
57.2%
Book 1, Chapter 11:
A Knife in the Dark
inn
57.2%
Book 1, Chapter 12:
Flight to the Ford
came
56.2%
Book 1, Chapter 2:
The Shadow of the Past
even
55.2%

Book 2, Chapter 10:
The Breaking of the Fellowship
River.
54.2%
Book 1, Chapter 11:
A Knife in the Dark
river-
54.2%
Book 1, Chapter 1:
A Long-Expected Party
much
54.2%
Book 1, Chapter 1:
A Long-Expected Party
special
54.2%
Book 1, Chapter 1:
A Long-Expected Party
talk
53.7%
Book 1, Chapter 2:
The Shadow of the Past
talk
53.7%

Book 2, Chapter 7:
The Mirror of Galadriel
were
52.7%
Book 1, Chapter 1:
A Long-Expected Party
celebrating
52.7%
Book 1, Chapter 1:
A Long-Expected Party
magnificence,
52.2%
Book 1, Chapter 2:
The Shadow of the Past
days.
52.2%

Book 2, Chapter 8:
Farewell to Lórien
them
51.2%


Book 2, Chapter 9:
The Great River
by
51.2%

Book 2, Chapter 10:
The Breaking of the Fellowship
them
51.2%
Book 2, Chapter 2:
The Council of Elrond
Next
50.2%
Book 1, Chapter 11:
A Knife in the Dark
As
50.2%
Book 2, Chapter 1:
Many Meetings
bed.
48.3%
Book 2, Chapter 3:
The Ring Goes South
Later
48.3%
Book 2, Chapter 3:
The Ring Goes South
room.
48.3%

Book 2, Chapter 8:
Farewell to Lórien
Lord
48.3%
Book 1, Chapter 2:
The Shadow of the Past
nine
48.3%
Book 1, Chapter 7:
In the House of Tom Bombadil
four
48.3%
Book 1, Chapter 5:
A Conspiracy Unmasked
''Now
47.8%
Book 1, Chapter 2:
The Shadow of the Past
die
47.8%
Book 1, Chapter 2:
The Shadow of the Past
nine
47.8%
Book 2, Chapter 1:
Many Meetings
found
47.3%
Book 1, Chapter 9:
At the Sign of The Prancing Pony
village
47.3%

Book 2, Chapter 4:
A Journey in the Dark
light
46.8%
Book 2, Chapter 5:
The Bridge of Khazad-dûm
Company
46.3%

Book 2, Chapter 8:
Farewell to Lórien
Company
46.3%
Book 1, Chapter 1:
A Long-Expected Party
shortly
46.3%
Book 1, Chapter 7:
In the House of Tom Bombadil
over
46.3%
Chapter Word % Correct
Book 2, Chapter 2:
The Council of Elrond
early,
45.8%
Book 1, Chapter 1:
A Long-Expected Party
excitement
45.8%

Book 1, Chapter 6:
The Old Forest
suddenly.
45.8%

Book 1, Chapter 8:
Fog on the Barrow-Downs
heard
43.8%
Book 2, Chapter 1:
Many Meetings
himself
43.3%

Book 1, Chapter 10:
Strider
way
43.3%
Book 1, Chapter 12:
Flight to the Ford
himself
43.3%
Book 2, Chapter 3:
The Ring Goes South
meeting
42.3%
Book 2, Chapter 3:
The Ring Goes South
own
42.3%
Book 1, Chapter 2:
The Shadow of the Past
ninety-
42.3%

Book 2, Chapter 7:
The Mirror of Galadriel
sun
41.8%

Book 2, Chapter 8:
Farewell to Lórien
Lady
41.8%
Book 2, Chapter 3:
The Ring Goes South
held
41.3%
Book 1, Chapter 5:
A Conspiracy Unmasked
better
41.3%

Book 2, Chapter 10:
The Breaking of the Fellowship
led
40.8%
Book 1, Chapter 11:
A Knife in the Dark
sleep
40.8%
Book 1, Chapter 11:
A Knife in the Dark
bank.
40.8%
Book 2, Chapter 3:
The Ring Goes South
Bilbo's
40.3%
Book 1, Chapter 3:
Three is Company
quietly,
40.3%

Book 2, Chapter 6:
Lothlórien
here
39.8%

Book 1, Chapter 10:
Strider
back
39.8%
Book 1, Chapter 3:
Three is Company
ought
39.3%
Book 1, Chapter 3:
Three is Company
ought
39.3%
Book 1, Chapter 5:
A Conspiracy Unmasked
get
39.3%
Book 1, Chapter 9:
At the Sign of The Prancing Pony
Bree-land,
39.3%
Book 2, Chapter 2:
The Council of Elrond
refreshed
38.8%
Book 1, Chapter 4:
A Short Cut to Musrooms
refreshed.
38.8%
Book 1, Chapter 7:
In the House of Tom Bombadil
still,
38.8%
Book 1, Chapter 12:
Flight to the Ford
still
38.8%

Book 1, Chapter 10:
Strider
made
37.8%

Book 2, Chapter 6:
Lothlórien
cannot
37.3%

Book 2, Chapter 6:
Lothlórien
stay
37.3%
Book 1, Chapter 9:
At the Sign of The Prancing Pony
chief
37.3%
Book 2, Chapter 1:
Many Meetings
lying
36.8%
Book 2, Chapter 2:
The Council of Elrond
feeling
36.8%

Book 2, Chapter 4:
A Journey in the Dark
evening,
36.8%
Book 1, Chapter 11:
A Knife in the Dark
darkness
36.8%
Book 1, Chapter 5:
A Conspiracy Unmasked
home
35.8%

Book 2, Chapter 4:
A Journey in the Dark
again
35.3%
Book 2, Chapter 5:
The Bridge of Khazad-dûm
stood
35.3%

Book 2, Chapter 7:
The Mirror of Galadriel
again.
35.3%

Book 2, Chapter 8:
Farewell to Lórien
again
35.3%
Book 1, Chapter 7:
In the House of Tom Bombadil
stood
35.3%
Book 1, Chapter 9:
At the Sign of The Prancing Pony
small
35.3%

Book 1, Chapter 8:
Fog on the Barrow-Downs
noises.
34.8%
Book 1, Chapter 12:
Flight to the Ford
clutching
34.8%
Book 2, Chapter 2:
The Council of Elrond
well.
32.8%

Book 2, Chapter 6:
Lothlórien
longer,''
32.8%

Book 2, Chapter 8:
Farewell to Lórien
Celeborn,
32.8%

Book 2, Chapter 6:
Lothlórien
fear
32.3%

Book 2, Chapter 10:
The Breaking of the Fellowship
right
32.3%
Book 1, Chapter 9:
At the Sign of The Prancing Pony
like
32.3%
Book 2, Chapter 5:
The Bridge of Khazad-dûm
tomb
31.3%
Book 1, Chapter 11:
A Knife in the Dark
mist
31.3%
Book 2, Chapter 5:
The Bridge of Khazad-dûm
Balin.
30.8%

Book 2, Chapter 6:
Lothlórien
''Alas!
30.8%
Book 1, Chapter 9:
At the Sign of The Prancing Pony
about.
30.8%

Book 2, Chapter 7:
The Mirror of Galadriel
mountains,
29.9%
Book 1, Chapter 9:
At the Sign of The Prancing Pony
island
29.4%

Book 2, Chapter 4:
A Journey in the Dark
halted
28.9%

Book 2, Chapter 8:
Farewell to Lórien
words.
28.9%

Book 2, Chapter 7:
The Mirror of Galadriel
woods,
28.4%

Book 2, Chapter 8:
Farewell to Lórien
greeted
28.4%
Book 1, Chapter 7:
In the House of Tom Bombadil
threshold,
27.9%

Book 2, Chapter 8:
Farewell to Lórien
summoned
26.9%

Book 2, Chapter 8:
Farewell to Lórien
chamber
26.9%


Book 2, Chapter 9:
The Great River
roused
26.9%
Book 1, Chapter 5:
A Conspiracy Unmasked
ourselves,''
26.9%
Book 1, Chapter 11:
A Knife in the Dark
Buckland;
26.9%

Book 2, Chapter 4:
A Journey in the Dark
grey
26.4%
Book 2, Chapter 5:
The Bridge of Khazad-dûm
beside
26.4%

Book 2, Chapter 8:
Farewell to Lórien
fair
26.4%

Book 1, Chapter 10:
Strider
parlour.
26.4%

Book 2, Chapter 10:
The Breaking of the Fellowship
arm
25.9%
Book 1, Chapter 7:
In the House of Tom Bombadil
stone
25.9%
Book 2, Chapter 5:
The Bridge of Khazad-dûm
silent
25.4%

Book 2, Chapter 7:
The Mirror of Galadriel
behind
25.4%
Book 1, Chapter 12:
Flight to the Ford
desperately.
24.4%

Book 2, Chapter 4:
A Journey in the Dark
fast,
23.9%

Book 2, Chapter 7:
The Mirror of Galadriel
shadows
23.4%
Book 1, Chapter 7:
In the House of Tom Bombadil
wide
23.4%
Book 1, Chapter 7:
In the House of Tom Bombadil
stepped
22.4%
Book 1, Chapter 7:
In the House of Tom Bombadil
blinking.
22.4%
Book 1, Chapter 9:
At the Sign of The Prancing Pony
lands
22.4%
Book 1, Chapter 11:
A Knife in the Dark
prepared
22.4%
Book 1, Chapter 11:
A Knife in the Dark
lay
22.4%

Book 2, Chapter 4:
A Journey in the Dark
waning
20.9%

Book 2, Chapter 7:
The Mirror of Galadriel
sinking
20.9%
Book 1, Chapter 11:
A Knife in the Dark
along
19.9%
Book 1, Chapter 9:
At the Sign of The Prancing Pony
inhabited
16.9%
Book 1, Chapter 9:
At the Sign of The Prancing Pony
region,
16.4%
Book 1, Chapter 9:
At the Sign of The Prancing Pony
empty
15.4%
Book 1, Chapter 9:
At the Sign of The Prancing Pony
round
14.4%
Book 1, Chapter 11:
A Knife in the Dark
dells
9.5%

Book 2, Chapter 7:
The Mirror of Galadriel
deepening
8.5%
Book 1, Chapter 11:
A Knife in the Dark
strayed
7%
Remove Ads.
Support Sporcle.
Get the best of Sporcle when you Go Orange. This ad-free experience offers more features, more stats, and more fun while also helping to support Sporcle. Thank you for becoming a member.

You're not logged in!

Compare scores with friends on all Sporcle quizzes.
OR
Log In

Show Comments

Extras

Top Quizzes Today


Score Distribution

Your Account Isn't Verified!

In order to create a playlist on Sporcle, you need to verify the email address you used during registration. Go to your Sporcle Settings to finish the process.

Report this User

Report this user for behavior that violates our Community Guidelines.

Details: